Statistiques concernant Bahreïn pour les touristes... - Facile

Cliquez ici pour prendre le quiz!

Statistiques générales

  • Ce quiz a été pris 4 fois
  • Le résultat moyen est 7 sur 20

Statistiques - réponses

QuestionIndiceRéponsesIndice facile% Correct
Quelle est la langue officielle ?Arabe
75%
4/ Petite boite précieuseCCoffretTREFCOF
75%
La religion majoritaire estIslam
75%
Achats à faire 1/ Pour des bijouxPPerlesSERLEP
75%
Dans la capitale quel est le décalage horaire avec Paris ? (+ ou - et chiffre) ex - 10 ou + 3,5+ 1
50%
Le principal aéroport estBBahreïn
50%
Le suffixe internet estbh
50%
Combien d'heures (environ) mettrez-vous pour vous y rendre ? (en chiffres)7
25%
DDesertDESTER
25%
Quel est le climat local ?DDésertique
25%
Quelle est la monnaie ?Dinar bahreïniD
25%
Comment se nomme la principale compagnie aérienne localeG AGulf AirFRAILUG
25%
Quel est le régime du pays ?M CMonarchie constitutionnelle
25%
Quelles sont les principaux lieux touristiques ?A-FMosquée {Al-Fatih}ALITHAF
25%
2/ Broderie appeléeTTeliLITE
25%
Code sur les plaques minéralogiquesBRN
0%
CFerme des {Chameaux}ECHAUMAX
0%
NMusée {National}LANNOTIA
0%
3/ Vannerie de...PPalmierRAMIPLE
0%
QRuines de {Qal'at al-Bahrain}AAANQRHABILLAT
0%

Distribution des résultats

Percentile par nombre de réponses

% des personnes avec chaque résultat

Votre développement - résultats

Vous n’avez pas pris ce quiz